00404nam a22001337a 4500082002600000100002100026245004400047260004300091300001700134526003700151526003700188526003700225650000800262 a620.1bGUNcL-5, P-49 aGunder, Dwight F aEngineering mechanicscDwight F. Gunder aNew YorkbJohn Wiley & Sons, Incc1959 axi, 391 p. : a0b0c0d620_100000000000000_GUN a0b0c0d620_100000000000000_GUN a0b0c0d620_100000000000000_GUN aMCE